Príspevok k oblasti odborného ekonomického jazyka v učebnej pomôcke - prezentácia pripravovaného učebného materiálu z francúzskeho jazyka

Prezentácia pripravovanej učebnej pomôcky o obchodných rokovaniach vo francúzskom jazyku. Príručka je určená pre poslucháčov štátnicového kurzu na Ekonomickej univerzite v Bratislave.

Na minha lista:
Detalhes bibliográficos
Autor principal: Lapšanský, Ladislav
Formato: Capítulo de Livro
Idioma:eslovaco
Assuntos:
Tags: Adicionar Tag
Sem tags, seja o primeiro a adicionar uma tag!

MARC

LEADER 00000naa$a2200000$$$4500
001 0160044
005 20240502072758.6
041 0 |a slo 
044 |a SK 
245 1 0 |a Príspevok k oblasti odborného ekonomického jazyka v učebnej pomôcke - prezentácia pripravovaného učebného materiálu z francúzskeho jazyka  |c Ladislav Lapšanský 
520 |a Prezentácia pripravovanej učebnej pomôcky o obchodných rokovaniach vo francúzskom jazyku. Príručka je určená pre poslucháčov štátnicového kurzu na Ekonomickej univerzite v Bratislave. 
610 2 0 |a vzdelávanie vysokoškolské 
610 2 0 |a jazyky cudzie 
610 2 0 |a francúzština 
610 2 0 |a rokovania obchodné 
100 1 |a Lapšanský, Ladislav